000 00604cam a2200217 4500
008 090401t1995 xxu||||| |||| 00| 0 eng d
020 _a0712675825
035 _a(Sirsi) u23331
041 _aeng
050 _a658.403
100 _aPopovich, Igor S.
245 _aManaging consultants: how to choose and work with consultants.
260 _aLondon
_bCentury Business
_c1995
300 _axii,164p. ; 24cm.
350 _a17.99
650 _aMANAGEMENT
650 _aMANAGING CONSULTANTS
690 _aMANAGEMENT-BUSINESS MANAGEMENT-PROFESSIONAL PRACTICE
942 _n0
948 _c04/03/1997
999 _c88382
_d88382